The Abilities Of Dead By Daylight Killers - Statistics

General Stats
  • This quiz has been taken 48 times
  • The average score is 6 of 95
Answer Stats
Killer Ability % Correct
The Nurse Blink
49%
The Shape Stalk
43%
The Ghost Face Stalk
43%
The Wraith Invisibility
30%
The Pig Crouch
22%
The Ghost Face Crouch
22%
The Pig Reverse Beartrap
22%
The Blight Rush
22%
The Doctor Shock Therapy
19%
The Cenobite Teleport
19%
The Singularity Teleport
19%
The Legion Feral Frenzy
16%
The Nightmare Dream Snare
14%
The Blight Lethal Rush
14%
The Deathslinger Shoot
14%
The Doctor Static Blast
14%
The Trickster The Main Event
14%
The Clown Afterpiece Tonic
11%
The Trapper Bear Trap Catch
11%
The Trapper Bear Trap Pick-Up
11%
The Oni Blood Fury
11%
The Spirit Phase Walk
11%
The Demogorgon Shred
11%
The Trapper Bear Trap Place
8%
The Trapper Bear Trap Reset
8%
The Nightmare Dream World
8%
The Executioner Final Judgement
8%
The Huntress Hatchet Throw
8%
The Clown Reload
8%
The Deathslinger Reload
8%
The Twins Victor
8%
The Plague Vile Purge
8%
The Clown Afterpiece Antidote
5%
The Deathslinger Aim Down Sights
5%
The Cenobite Chain Hunt
5%
The Hillbilly Chainsaw Charge
5%
The Plague Corrupt Purge
5%
The Oni Demon Dash
5%
The Legion Feral Slash
5%
The Executioner Punishment of the Damned
5%
The Deathslinger Reel
5%
The Knight The Hunt
5%
The Trickster Blade Throw
3%
The Hillbilly Chainsaw Attack
3%
The Legion Feral Vault
3%
The Cenobite Possessed Chain
3%
The Nurse Post-Blink Lunge
3%
The Twins Pounce
3%
The Blight Slam
3%
The Nemesis Tentacle Whip
3%
The Dredge The Gloaming
3%
The Cenobite The Lament Configuration
3%
The Nemesis Zombies
3%
The Oni Absorption Mode
0%
The Pig Ambush Dash
0%
The Knight Assassin Summon
0%
The Singularity Biopod Tag
0%
The Trickster Blade Restock
0%
The Mastermind Bound Attack
0%
The Mastermind Bound Vault
0%
The Executioner Cage of Atonement
0%
The Knight Carnifex Summon
0%
The Cannibal Chainsaw Frenzy
0%
The Skull Merchant Claw Trap
0%
The Onryo Demanifestation
0%
The Oni Demon Strike
0%
The Artist Dire Crow Launch
0%
The Artist Dire Crow Summon
0%
The Twins Dormant State
0%
The Skull Merchant Drone Deploy
0%
The Skull Merchant Drone Recall
0%
The Knight Guard Order
0%
The Huntress Hatchet Restock
0%
The Onryo Inexorable Stare
0%
The Knight Jailer Summon
0%
The Skull Merchant Lock-On
0%
The Onryo Manifestation
0%
The Skull Merchant Manual Drone Activation
0%
The Dredge Nightfall
0%
The Knight Patrol Route Set
0%
The Ghost Face Peek
0%
The Demogorgon Place Portal
0%
The Onryo Projection
0%
The Skull Merchant Radar Inspection
0%
The Singularity Set Biopod
0%
The Dredge Survivor Grab
0%
The Clown Swap
0%
The Artist Swarm
0%
The Nemesis Tentacle Charge
0%
The Executioner Torment Trail
0%
The Hag Trap Set
0%
The Hag Trap Teleport
0%
The Demogorgon Traversal of the Upside Down
0%
The Nemesis T-Virus Infection
0%
The Mastermind Uroboros Infection
0%
No matching quizzes found
Score Distribution
Percent of People with Each Score
Percentile by Number Answered
Your Score History
You have not taken this quiz